000 00797nam a2200241 a 4500
001 BRCA_2003
005 20190320203631.0
008 120608s1884----fr-a######---#000-0#fre-#
041 _afre
044 _afr
050 4 _aNK2110
_b.H38 1884
100 1 _aHavard, Henry
_d1838-1921
_96139
245 1 0 _aL´Art dans la Maison
_b(grammaire de l´ameublement)
_cpar Henry Havard ; illustrations de MM. Corroyer ... [et al.].
260 _aParís
_bEd. Rouveyre et G. Blond
_c1884
300 _avi, 411 p.
_bil. (algunas a color), 50 láminas
_c31 cm.
500 _aIncluye tabla de láminas
500 _aDonación Dr. Héctor Rivero Borrell Vázquez
650 1 4 _aDecoración de interiores
_96140
650 1 4 _aMuebles
_96141
700 1 _aCorroyer, MM.
_96142
902 _aDHR
942 _2lcc
_cB
999 _c1770
_d1770